| 000 | 00346nam a2200133Ia 4500 | ||
|---|---|---|---|
| 008 | 150202s9999 xx 000 0 und d | ||
| 020 | _a140069992 | ||
| 050 |
_aFIC _bFIC |
||
| 100 | _aAmis, Martin. | ||
| 245 |
_aSuccess / _cMartin Amis. |
||
| 260 |
_aNew York : _bPenguin Books , _c1978. |
||
| 300 |
_a224 pages : _c21 cm. |
||
| 650 | _aFiction. | ||
| 999 |
_c281812 _d281812 |
||